LEADER 00696nam a2200205 i 4500 001 000000214132 003 CaOOAMICUS 005 20120625000000.0 008 120625s1843 it u000 u ita u 013 $a192987 040 $aSeMil$bita 245 10$aVol. 2. 300 $a344 p. 500 $aNota ms. di possesso autografa di A. Ratti (Pio XI) nei preliminari. 773 0 $aKlee, Heinrich$tStoria dei dogmi.$dMilano : Vincenzo Guglielmini, 1843.$g2$w()26948 850 $aSeMil 852 $aSeMil$W1$xVenegono$y1$m2A III 90 FA/RATTI$j164560$B164560$CSeMilBibl$Z2$F175553 $8B 941 1 $a11 961 $aRecupero: Ratti, Achille (Pio XI) 996 $6245$aVol. 2$9(OLS)http://semarc/title/13458 LEADER 01273nam a2200301 i 4500 001 000000220156 003 CaOOAMICUS 005 20130430000000.0 008 130430s1986 it u000 u ita u 013 $a199053 020 $a88-7016-027-0 040 $aSeMil$bita 100 1 $aEbach, Jürgen <1945- >.$0(OLS)http://semarc/name/63149 240 14$aDas Erbe der Gewalt.$0(OLS)http://semarc/title/315806 245 12$aL'eredità della violenza :$bla guerra santa nella Bibbia e la violenza di oggi /$cJürgen Ebach. 260 $aTorino :$bClaudiana,$c1986. 300 $a128 p. ;$c20 cm. 490 0 $aPiccola collana moderna ;$v49 500 $aFondo card. C. M. Martini. 650 4$aBibbia - Guerra.$0(OLS)http://semarc/subject/8593 830 0$aPiccola collana moderna ;$v49.$0(OLS)http://semarc/title/7078 850 $aSeMil 852 $aSeMil$W1$xVenegono$y1$m2W I 139$j170513$B170513$CSeMilBibl$Z2$F182465 $81 941 1 $a4 961 $aLascito: Martini Card. Carlo Maria 996 $6020$a88-7016-027-0$9(OLS)http://semarc/number/218555 996 $6245$aL'eredità della violenza :$bla guerra santa nella Bibbia e la violenza di oggi$9(OLS)http://semarc/title/315805 996 $6260$aTorino :$bClaudiana$9(OLS)http://semarc/publisher/29837